Childless couples : social consequences of sterility and infertility (Record no. 251087)

MARC details
000 -LEADER
fixed length control field 00886nam a2200241Ia 4500
008 - FIXED-LENGTH DATA ELEMENTS--GENERAL INFORMATION
fixed length control field 191130s2006##################000#0#eng##
020 ## - INTERNATIONAL STANDARD BOOK NUMBER
ISBN 9788131600139
082 ## - DEWEY DECIMAL CLASSIFICATION NUMBER
Classification number 301 VIN
100 ## - MAIN ENTRY--AUTHOR NAME
Personal name Lavania, Vinita
245 ## - TITLE STATEMENT
Title Childless couples : social consequences of sterility and infertility
Statement of responsibility, etc Vinita Lavania
260 ## - PUBLICATION, DISTRIBUTION, ETC. (IMPRINT)
Place of publication Jaipur
Name of publisher Rawat Publications
Year of publication 2006
300 ## - PHYSICAL DESCRIPTION
Number of Pages xviii, 230 p. ; 22 cm
500 ## - GENERAL NOTE
General note Includes bibliographical references (p. [224]-227) and index
650 ## - SUBJECT ADDED ENTRY--TOPICAL TERM
Topical Term Childlessness - India - Rajasthan - Psychological aspects
Topical Term Childlessness - Social aspects - Rajasthan - India
Topical Term Infertility - India - Rajasthan - Psychological aspects
Topical Term Infertility - Social aspects - India - Rajasthan
991 ## -
-- 227478
Holdings
Withdrawn status Lost status Damaged status Not for loan Home library Current library Shelving location Date acquired Full call number Accession Number Price effective from Koha item type
        Anna Centenary Library Anna Centenary Library 3RD FLOOR, B WING 13.10.2020 301 VIN 504882 13.10.2020 English Books

Find us on the map